[Event "GER-chT U20"]
[Site "Braunschweig"]
[Date "2019.12.27"]
[Round "1.8"]
[White "Brockmeyer, Tobias"]
[Black "Kirschweng, Luca"]
[Result "1-0"]
[WhiteElo "1902"]
[BlackElo "1718"]
[PlyCount "99"]
[EventDate "2019.12.27"]
[EventType "team-swiss"]
[EventRounds "7"]
[EventCountry "GER"]
[SourceTitle "CBM 194 Extra"]
[Source "ChessBase"]
[SourceDate "2020.03.31"]
[SourceVersion "1"]
[SourceVersionDate "2020.03.31"]
[SourceQuality "1"]
[WhiteTeam "Lehrte"]
[BlackTeam "Trier SG"]
[WhiteTeamCountry "GER"]
[BlackTeamCountry "GER"]

1. d4 d5 2. c4 e6 3. Nc3 Nf6 4. cxd5 Nxd5 5. e4 Nb6 6. Nf3 Be7 7. Be3 N8d7 8. Bd3 Nf6 9. 0-0 0-0 10. a4 a5 11. Qe2 Bd7 12. b3 c6 13. Rac1 Rc8 14. Rfd1 Qc7 15. h3 Rcd8 16. d5 exd5 17. Nb5 Qb8 18. Bxb6 Rc8 19. e5 Ne8 20. Nbd4 c5 21. Nf5 Bxf5 22. Bxf5 Rc6 23. Bxa5 b6 24. Bd2 Nc7 25. Ng5 h6 26. Nf3 Ne6 27. Bxe6 Rxe6 28. Bf4 Rd8 29. Bg3 Qc8 30. Nd4 Rg6 31. Qf3 Bf8 32. Nb5 Qc6 33. Nd6 Bxd6 34. exd6 Re6 35. Rxd5 Qd7 36. Rd3 Rde8 37. Re3 Rxe3 38. fxe3 Qe6 39. e4 f6 40. Rd1 Rd8 41. Qf5 Qxb3 42. Qd5+ Qxd5 43. Rxd5 c4 44. Kf1 Kf7 45. Ke2 Ke6 46. Kd2 Kd7 47. Rb5 Kc6 48. Rd5 Kd7 49. Rd4 Rc8 50. Kc3 1-0

[Event "GER-chT U12"]
[Site "Magdeburg"]
[Date "2016.12.30"]
[Round "7.4"]
[White "Grunemann, Jonas"]
[Black "Kirschweng, Luca"]
[Result "0-1"]
[WhiteElo "1019"]
[BlackElo "1186"]
[PlyCount "75"]
[EventDate "2016.12.27"]
[EventType "team-swiss"]
[EventRounds "7"]
[EventCountry "GER"]
[SourceTitle "EXT 2018"]
[Source "ChessBase"]
[SourceDate "2017.10.13"]
[SourceVersion "1"]
[SourceVersionDate "2017.10.13"]
[SourceQuality "1"]
[WhiteTeam "Graefenhainichen"]
[BlackTeam "Trier SG"]
[WhiteTeamCountry "GER"]
[BlackTeamCountry "GER"]

1. e4 e6 2. Nf3 d5 3. exd5 exd5 4. d4 Bd6 5. Nc3 c6 6. Be2 Nf6 7. Bg5 Nbd7 8. 0-0 0-0 9. Re1 Qc7 10. Bd3 Ng4 11. Be7 Bxe7 12. Rxe7 Qd6 13. Qe1 Nb6 14. Re2 Bd7 15. h3 Nf6 16. Ne5 Rfe8 17. Nxd7 Nbxd7 18. Rxe8+ Rxe8 19. Qd2 Nf8 20. Nd1 Ne4 21. Bxe4 Rxe4 22. c3 Qg6 23. f3 Rh4 24. Nf2 Ne6 25. g4 h5 26. Qd3 Qh6 27. Re1 g6 28. Qe3 g5 29. Qe5 b6 30. Qb8+ Kg7 31. Qe5+ Qf6 32. Qxf6+ Kxf6 33. Kg2 hxg4 34. Nxg4+ Kf5 35. Kg3 Nf4 36. Re5+ Kg6 37. Rf5 Rxh3+ 38. Kf2 0-1

[Event "SVR-op"]
[Site "Trier"]
[Date "2016.03.19"]
[Round "2"]
[White "Kirschweng, Luca"]
[Black "Haffner, Matthias"]
[Result "0-1"]
[WhiteElo "1024"]
[BlackElo "1605"]
[PlyCount "64"]
[EventDate "2016.03.19"]
[EventType "swiss"]
[EventRounds "7"]
[EventCountry "GER"]
[SourceTitle "CBM 171 Extra"]
[Source "ChessBase"]
[SourceDate "2016.04.26"]
[SourceVersion "1"]
[SourceVersionDate "2016.04.26"]
[SourceQuality "1"]

1. e4 c5 2. Nf3 e6 3. d4 cxd4 4. Nxd4 a6 5. Nc3 Qc7 6. Qf3 Nf6 7. Bg5 Be7 8. 0-0-0 Nc6 9. Nxc6 bxc6 10. Bc4 d5 11. exd5 cxd5 12. Be2 Bb7 13. Qh3 h6 14. Be3 Rc8 15. f4 Ne4 16. Bd4 Qxf4+ 17. Be3 Qc7 18. Rd3 Bf6 19. Bd1 Nxc3 20. bxc3 Bxc3 21. Bd4 Qf4+ 22. Be3 Qb4 23. Be2 Qb2+ 24. Kd1 Qb1+ 25. Bc1 Bb2 26. Ke1 Qxc1+ 27. Bd1 Rxc2 28. Qg3 Bc3+ 29. Kf1 0-0 30. h4 Rd2 31. Rxd2 Qxd2 32. Qf3 Qe1# 0-1